Wszyscy posłowie Konfederacji sejmu X kadencji po zdjęciu - Statystyki

Ogólne statystyki
  • Ten quiz został rozwiązany 153 razy
  • Średni wynik to 11 z 18
Statystyki odpowiedzi
Obrazkowy Odpowiedź % Poprawnych
Krzysztof Bosak
99%
Karina Bosak
98%
Sławomir Mentzen
98%
Konrad Berkowicz
91%
Przemysław Wipler
87%
Grzegorz Płaczek
71%
Michał Wawer
67%
Roman Fritz
65%
Ryszard Wilk
64%
Bartłomiej Pejo
60%
Witold Tumanowicz
59%
Krzysztof Mulawa
48%
Włodzimierz Skalik
48%
Krzysztof Tuduj
40%
Michał Połuboczek
36%
Andrzej Zapałowski
32%
Bronisław Foltyn
28%
Krzysztof Szymański
26%
Nie znaleziono quizów pasujących do podanych kryteriów
Rozkład punktacji
Procent ludzi z każdym wynikiem
Percentyl według liczby udzielonych odpowiedzi
Twoja historia wyników
Nie rozwiązałeś tego quizu